Представление документа в формате RUSMARC

Поле Инд. ПП Название Значение
Тип записи a
Библиографический уровень a
001 Контрольный номер 8aa16600fb654886912725f061f34776
005 Дата корректировки 20181120134552.2
100 a Данные общей обработки 20180810 ||| 0rusy0189 ca
101 0_ a Язык текста rus
102 a Страна публикации RU
200 1_ f Первые сведения об ответственности В.В. Денисенко
a Заглавие Легитимация правовых институтов как процесс усвоения юридических ценностей субъектами права
210 d Дата издания 2018
461 _0 1 2000
a История государства и права
463 _0 1 2000
a №4
v С. 23-28
1 2101
d 2018
1 001ae46811b44e5431ebba9276184a65be0
606 a Основная рубрика Общая теория права
610 0_ a Ключевые слова ТЕОРИЯ ГОСУДАРСТВА И ПРАВА
a Ключевые слова ГОСУДАРСТВЕННАЯ ВЛАСТЬ
a Ключевые слова ПРАВА ЧЕЛОВЕКА
a Ключевые слова ПРАВОПОНИМАНИЕ
700 _1 a Фамилия Денисенко
b Имя В.В.
801 _0 a Страна RU
b Организация РГУП
c Дата составления 20180810
g Правила каталогизации PSBO
801 _1 a Страна RU
b Организация РГУП
c Дата составления 20180810
g Правила каталогизации PSBO
901 t Тип документа b
w Контрольный № источника ae46811b44e5431ebba9276184a65be0
905 a Дата ввода 20180810